000 00399 a2200121 4500
001 ART_3550
005 20260410161716.0
008 260409a
245 1 0 _aApuntes sobre la evolución del empleo industrial en el período 1973-1984
100 1 _aBeccaria, Luis A.
700 1 _aYoguel, Gabriel
773 0 _tDesarrollo económico
_g- Vol. 27, Nº 108 (ene./mar. 1988)
_wREV1174
999 _c16497
_d16497